| 000 | 01632 a2200241 4500 | ||
|---|---|---|---|
| 001 | 45561 | ||
| 005 | 20260407155728.0 | ||
| 008 | 260407a1992 arg spa d | ||
| 003 | AR-UNSa-BCEJYS | ||
| 040 |
_aAR-UNSa-BCEJYS _bspa _cAR-UNSa-BCEJYS |
||
| 080 |
_a316.3 _xEstructura social. La sociedad como sistema social |
||
| 245 | 1 | 0 |
_aDespués de Germani _pExploraciones sobre estructura social de la Argentina |
| 020 | _a950-12-5409-7 | ||
| 264 | 1 |
_aBuenos Aires : _bPaidós _c1992 |
|
| 300 |
_a278 p. _c23 cm. |
||
| 505 | _aPrimera Parte : REPENSANDO LA OBRA DE GERMANI : 1. Modernización, antimodernización y estructura social : Reconsiderando a Gino Germani en el contexto actual / Irving Louis Horowitz – 2. La sociología de Gino Germani / Antonio Vitiello – 3. De historia y de sociología : la metáfora de la tortilla / Waldo Ansaldi - - Segunda Parte : PARTICIPACIÒN Y MOVILIZACIÒN POLÌTICA : 1. El peronismo, 1973 ( inédito) / Giono Germani – 2. El impacto inmigratorio sobre el sistema político Argentino / Torcuato S. Di Tella – 3. Sindicalización, participación y estructura ocupacional / Marta Panaia - - Tercera Parte : ESTRUCTURA ECONÒMICO-SOCIAL : 1. Estructura económico-social del sector agropecuario – 2. Estructura socioespacial urbana y procesos migratorios – 3. Estructura de clases, estructura y movilidad ocupacional. | ||
| 041 | _aspa | ||
| 942 | _cBK | ||
| 590 | _aniveau_biblio:m niveau_hierar:0 | ||
| 100 | 1 | _aSautu, Ruth | |
| 700 | 1 | _aJorrat, Jorge Raúl | |
| 856 | 4 | 1 |
_uhttps://www.biblioeco.unsa.edu.ar/pmb/images/libros/L127144.jpg _yImagen de portada _qimage/jpeg |
| 999 |
_c3972 _d3972 |
||